000 00733nam a22002057a 4500
999 _c19722
_d19722
003 AR-CdUCM
008 190521b ||||| |||| 00| 0 spa d
040 _aMUNICIPALIDAD PROVINCIAL DEL CUSCO
_cBIBLIOTECA MUNICIPAL DEL CUSCO
082 _a343.8 /
_bCH93
100 _aChuman Rojas, Ramon
_941249
245 _aImpuestos a la renta :
_bEstudio concordado y comentado /
260 _aTrujillo :
_bMarsol,
_c1982.
300 _a543 páginas ;
_c25 cm.
505 _aContenido : La base jurisdiccional del impuesto -- Contribuyentes -- Las inafectaciones -- La renta bruta...
650 _aTasas de impuestos
_941250
650 _aGravamen
_941251
650 _aDisposiciones legales
_941252
942 _2ddc
_cLIBROS
945 _arcc